| 000 | nam a22 7a 4500 | ||
|---|---|---|---|
| 999 |
_c25644 _d25644 |
||
| 008 | 170201b xxu||||| |||| 00| 0 eng d | ||
| 020 | _a9780547687742 | ||
| 050 | _aQH308.2 .B56 2001 | ||
| 100 |
_aNowicki,Stephen _d2001 |
||
| 245 |
_aBiology / _cStephen Nowicki |
||
| 260 |
_aFlorida: _bHolt, _c2011. |
||
| 300 |
_axvi,606 p.: _bill.; _c28cm. |
||
| 500 | _aincludes bibliographical references and index. | ||
| 650 | _2Biology | ||
| 942 |
_2lcc _cBOOKS _hQH308.2 .B56 2001 _k33325 |
||